| 000 | 00611nam a2200181 i 4500 | ||
|---|---|---|---|
| 001 | 142712 | ||
| 003 | ES-MaACL | ||
| 005 | 20250710064531.0 | ||
| 007 | t| | ||
| 008 | 071009s1918 fr ||||1| fre d | ||
| 100 | 1 |
_aVic, Jean. _9114306 |
|
| 245 | 1 | 3 |
_aLa littérature de guerre _b: manuel méthodique et critique des publications de langue française (aout 1914-aout 1916) / _cJean Vic ; preface de Gustave Lanson. |
| 260 |
_aParis : _bPayot & Cie., _c1918. |
||
| 300 |
_aXXXV, 376 p. ; _c19 cm. |
||
| 700 | 1 |
_aLanson, Gustave, _d1857-1934 _970098 |
|
| 852 |
_aES-MaACL _jF-5640 |
||
| 999 |
_c142712 _d142712 |
||